[Event "Benidorm 2011 - 10. Torneo sub-2000"]
[Site "Benidorm ESP"]
[Date "2011.12.09"]
[Round "9.3"]
[White "Hall, Rachid"]
[Black "Cartagena Sanchez, Javier"]
[Result "0-1"]
[WhiteElo "1998"]
[BlackElo "1982"]
[PlyCount "100"]
[EventDate "2011.12.02"]
[EventType "swiss"]
[EventRounds "10"]
[EventCountry "ESP"]
[Source "lmi"]
[SourceDate "2011.12.02"]

1. e4 e5 2. Nf3 Nc6 3. Bb5 a6 4. Ba4 Nf6 5. O-O b5 6. Bb3 Be7 7. d4 O-O 8. Re1
d6 9. h3 exd4 10. a4 Na5 11. Nxd4 c5 12. Nf5 Nxb3 13. cxb3 Bxf5 14. exf5 Re8
15. Bf4 d5 16. Nd2 Qd7 17. g4 Bd6 18. Bg5 Rxe1+ 19. Qxe1 Re8 20. Qf1 Ne4 21.
Nxe4 Rxe4 22. axb5 axb5 23. Qd3 Qc6 24. f3 Re8 25. Kg2 h6 26. Bd2 c4 27. bxc4
bxc4 28. Qf1 Be5 29. Rb1 Qf6 30. Qe1 Rb8 31. f4 Bd4 32. Bb4 Qb6 33. Ba5 Qb3 34.
Rd1 Qxb2+ 35. Rd2 Bc3 36. Bxc3 Qxc3 37. Re2 Qxe1 38. Rxe1 c3 39. Kf3 d4 40. Rc1
Re8 41. h4 Re3+ 42. Kf2 Rd3 43. g5 Rd2+ 44. Kf1 c2 45. Ke1 Rh2 46. Ra1 Rh1+ 47.
Kd2 Rxa1 48. Kxc2 Rf1 49. f6 g6 50. f5 Rxf5 0-1

[Event "Benidorm 2011 - 10. Torneo sub-2000"]
[Site "Benidorm ESP"]
[Date "2011.12.09"]
[Round "9.4"]
[White "Chaikhiev Chaikhieva, Miguel A"]
[Black "Sanz Rodero, Mikel"]
[Result "0-1"]
[WhiteElo "1663"]
[BlackElo "1994"]
[PlyCount "83"]
[EventDate "2011.12.02"]
[EventType "swiss"]
[EventRounds "10"]
[EventCountry "ESP"]
[Source "lmi"]
[SourceDate "2011.12.02"]

1. d4 Nf6 2. c4 e6 3. Nf3 Bb4+ 4. Bd2 Qe7 5. a3 Bxd2+ 6. Nbxd2 d6 7. e4 e5 8.
d5 a5 9. Be2 a4 10. Qc2 O-O 11. O-O Bd7 12. b4 axb3 13. Nxb3 Na6 14. Nfd2 Ba4
15. f3 Nd7 16. Qc3 Bxb3 17. Nxb3 Nac5 18. Nd2 f5 19. exf5 Rxf5 20. Ne4 Nxe4 21.
fxe4 Rxf1+ 22. Rxf1 Nc5 23. Qe3 Rf8 24. Rf3 Rxf3 25. Bxf3 Qf6 26. g3 h6 27. Kg2
Qg5 28. Qe1 Nd3 29. Qf1 Qe3 30. Kh3 Nf2+ 31. Kg2 Nxe4 32. Bg4 Qd2+ 33. Kg1 Nf6
34. Be6+ Kh8 35. Qb1 Qe3+ 36. Kf1 Qf3+ 37. Kg1 Qe3+ 38. Kf1 Ne4 39. Qc2 Nd2+
40. Kg2 Qf3+ 41. Kh3 Ne4 42. Bg4 0-1

[Event "Benidorm 2011 - 10. Torneo sub-2000"]
[Site "Benidorm ESP"]
[Date "2011.12.09"]
[Round "9.5"]
[White "Moya Mallafre, Erik"]
[Black "Iglesias Garcia, Jorge"]
[Result "0-1"]
[WhiteElo "1989"]
[BlackElo "1885"]
[PlyCount "112"]
[EventDate "2011.12.02"]
[EventType "swiss"]
[EventRounds "10"]
[EventCountry "ESP"]
[Source "lmi"]
[SourceDate "2011.12.02"]

1. Nf3 d5 2. c4 c6 3. g3 Nf6 4. Bg2 e6 5. b3 Nbd7 6. O-O Bd6 7. Ba3 Bxa3 8.
Nxa3 Qe7 9. Nc2 e5 10. cxd5 cxd5 11. d3 O-O 12. Ne3 Nb6 13. Qc2 Ng4 14. Nxg4
Bxg4 15. h3 Bf5 16. Nh4 Be6 17. Qc3 f6 18. Qa5 Rfc8 19. Rfc1 Rc6 20. Rxc6 bxc6
21. Rc1 Rc8 22. b4 Qd7 23. a4 d4 24. Qa6 Rc7 25. b5 cxb5 26. Rxc7 Qxc7 27. Qxb5
Kf7 28. a5 Nd7 29. Bd5 g6 30. Nf3 Qd6 31. Bc4 Ke7 32. Kg2 Qc5 33. Qa6 Bxc4 34.
dxc4 Qc7 35. Nd2 Nc5 36. Qb5 a6 37. Qb4 Qb7+ 38. Qxb7+ Nxb7 39. Nb3 Kd6 40. f4
Nc5 41. fxe5+ fxe5 42. Nxc5 Kxc5 43. Kf3 Kxc4 44. Ke4 Kb5 45. Kxe5 Kxa5 46.
Kxd4 Kb6 47. Kd5 a5 48. e4 a4 49. Kd6 a3 50. e5 a2 51. e6 a1=Q 52. e7 Qd4+ 53.
Ke6 Qe4+ 54. Kf7 Qf5+ 55. Kg7 Qe6 56. Kf8 Qf6+ 0-1

[Event "Benidorm 2011 - 10. Torneo sub-2000"]
[Site "Benidorm ESP"]
[Date "2011.12.09"]
[Round "9.7"]
[White "Romero Calduch, Sergio"]
[Black "Serrano Martinez, Francisco Jose"]
[Result "1-0"]
[WhiteElo "1889"]
[BlackElo "1980"]
[PlyCount "65"]
[EventDate "2011.12.02"]
[EventType "swiss"]
[EventRounds "10"]
[EventCountry "ESP"]
[Source "lmi"]
[SourceDate "2011.12.02"]

1. d4 Nf6 2. c4 c5 3. d5 b5 4. cxb5 a6 5. bxa6 Bxa6 6. Nc3 d6 7. e4 Bxf1 8.
Kxf1 g6 9. g3 Nbd7 10. Nf3 Bg7 11. Kg2 O-O 12. h3 Qb6 13. Re1 Rfb8 14. e5 dxe5
15. Nxe5 Nxe5 16. Rxe5 Rb7 17. Qf3 Ne8 18. Re2 Nd6 19. Bg5 Nf5 20. d6 exd6 21.
Nd5 Qa6 22. Rae1 h6 23. Re8+ Kh7 24. Nc7 Rxc7 25. Rxa8 Qb5 26. Bd8 Rd7 27. h4
h5 28. b3 Be5 29. Qd5 Rxd8 30. Qxf7+ Kh6 31. Rxd8 Qa5 32. Rxe5 dxe5 33. Rh8#
1-0

[Event "Benidorm 2011 - 10. Torneo sub-2000"]
[Site "Benidorm ESP"]
[Date "2011.12.09"]
[Round "9.8"]
[White "Muratet Casadevall, Elias"]
[Black "Fernandez Garcia, Javier"]
[Result "1/2-1/2"]
[WhiteElo "1923"]
[BlackElo "1999"]
[PlyCount "58"]
[EventDate "2011.12.02"]
[EventType "swiss"]
[EventRounds "10"]
[EventCountry "ESP"]
[Source "lmi"]
[SourceDate "2011.12.02"]

1. d4 d5 2. Bf4 Nf6 3. e3 c5 4. c3 Nc6 5. Nf3 Qb6 6. Qb3 c4 7. Qxb6 axb6 8. Be2
b5 9. O-O b4 10. cxb4 Nxb4 11. Nc3 Bf5 12. a3 Nd3 13. Bxd3 Bxd3 14. Rfe1 e6 15.
Ne5 Bf5 16. f3 Be7 17. e4 dxe4 18. fxe4 Bg6 19. Nxc4 O-O 20. Bd6 Bxd6 21. Nxd6
b6 22. d5 exd5 23. exd5 Rad8 24. Nc4 Nxd5 25. Nxd5 Rxd5 26. Nxb6 Rb5 27. Nc4
Bd3 28. Rec1 Bxc4 29. Rxc4 Rxb2 1/2-1/2

[Event "Benidorm 2011 - 10. Torneo sub-2000"]
[Site "Benidorm ESP"]
[Date "2011.12.09"]
[Round "9.9"]
[White "Arroyo Rodriguez, Jesus"]
[Black "Fernandez Aguilar, Francisco"]
[Result "0-1"]
[WhiteElo "1980"]
[BlackElo "1917"]
[PlyCount "124"]
[EventDate "2011.12.02"]
[EventType "swiss"]
[EventRounds "10"]
[EventCountry "ESP"]
[Source "lmi"]
[SourceDate "2011.12.02"]

1. e4 e5 2. Nf3 Nc6 3. d4 exd4 4. Nxd4 Nf6 5. Nxc6 bxc6 6. e5 Qe7 7. Qe2 Nd5 8.
c4 Ba6 9. g3 g6 10. Qe4 Nb6 11. b3 Bg7 12. Bb2 d5 13. cxd5 cxd5 14. Qe3 Bxf1
15. Kxf1 O-O 16. Kg2 c5 17. Nd2 d4 18. Qe4 Qxe5 19. Rhe1 Qxe4+ 20. Nxe4 c4 21.
bxc4 Nxc4 22. Bc1 f5 23. Nd2 Nxd2 24. Bxd2 Rfe8 25. Rab1 Rxe1 26. Bxe1 Re8 27.
Kf1 Re7 28. a4 Kf7 29. a5 d3 30. a6 Ke6 31. Bd2 Be5 32. Rb7 Rxb7 33. axb7 Kd7
34. Be3 Bb8 35. Ke1 Kc7 36. Kd2 Kxb7 37. Kxd3 Kc6 38. Kc4 a6 39. h3 Bc7 40. Bc1
f4 41. gxf4 Kd6 42. Kd4 Bb6+ 43. Ke4 Bxf2 44. f5 gxf5+ 45. Kxf5 Kd5 46. Bd2 Bd4
47. h4 Kc4 48. Kg5 Bc3 49. Bf4 a5 50. Kh6 a4 51. Bd6 Bb4 52. Be5 a3 53. Kxh7 a2
54. h5 Bc3 55. Bxc3 Kxc3 56. h6 a1=Q 57. Kg8 Qa8+ 58. Kg7 Qb7+ 59. Kg8 Qc8+ 60.
Kg7 Qd7+ 61. Kg8 Qe8+ 62. Kg7 Qe7+ 0-1

[Event "Benidorm 2011 - 10. Torneo sub-2000"]
[Site "Benidorm ESP"]
[Date "2011.12.09"]
[Round "9.10"]
[White "Martinez Hernandez, Javier"]
[Black "Basilio Rodriguez, Jose Manuel"]
[Result "0-1"]
[WhiteElo "1977"]
[BlackElo "1907"]
[PlyCount "56"]
[EventDate "2011.12.02"]
[EventType "swiss"]
[EventRounds "10"]
[EventCountry "ESP"]
[Source "lmi"]
[SourceDate "2011.12.02"]

1. e4 e6 2. d3 d5 3. Nd2 g6 4. g3 Bg7 5. Bg2 Nf6 6. Ngf3 O-O 7. O-O c5 8. Re1
Nc6 9. a4 a5 10. c3 b6 11. Nf1 dxe4 12. dxe4 Qc7 13. Bf4 e5 14. Bg5 Be6 15. Qe2
Nd7 16. Rad1 f6 17. Bc1 Bb3 18. Rd2 c4 19. Ne3 Ne7 20. Bh3 f5 21. Rxd7 Qxd7 22.
Nxc4 Qc7 23. Ncd2 Bxa4 24. exf5 Nxf5 25. Qe4 Qc6 26. Nc4 Qxe4 27. Rxe4 Bc6 28.
Bxf5 Rxf5 0-1

[Event "Benidorm 2011 - 10. Torneo sub-2000"]
[Site "Benidorm ESP"]
[Date "2011.12.09"]
[Round "9.11"]
[White "Haddad Filho, Paulo Ibrahim"]
[Black "Pastor Briones, Jose"]
[Result "1/2-1/2"]
[WhiteElo "1972"]
[BlackElo "1845"]
[PlyCount "56"]
[EventDate "2011.12.02"]
[EventType "swiss"]
[EventRounds "10"]
[EventCountry "ESP"]
[Source "lmi"]
[SourceDate "2011.12.02"]

1. e4 c5 2. Nf3 Nc6 3. d4 cxd4 4. Nxd4 Nf6 5. Nc3 e5 6. Nb3 Bb4 7. Bg5 O-O 8.
Be2 d6 9. O-O Bxc3 10. bxc3 h6 11. Bxf6 Qxf6 12. Qd2 b6 13. Bc4 Bb7 14. Bd5
Rac8 15. Rad1 Rfd8 16. f4 Rd7 17. fxe5 Qxe5 18. Rf5 Qe8 19. Nd4 Nxd4 20. Qxd4
Bxd5 21. Rxd5 Re7 22. Re1 Rd8 23. Re3 Re6 24. h4 Qe7 25. e5 f6 26. exd6 Rdxd6
27. Rxd6 Qxd6 28. Rxe6 Qxe6 1/2-1/2

[Event "Benidorm 2011 - 10. Torneo sub-2000"]
[Site "Benidorm ESP"]
[Date "2011.12.09"]
[Round "9.12"]
[White "Perez Garcia, Juan Angel"]
[Black "Oualili, Abdelali"]
[Result "0-1"]
[WhiteElo "1959"]
[BlackElo "1894"]
[PlyCount "48"]
[EventDate "2011.12.02"]
[EventType "swiss"]
[EventRounds "10"]
[EventCountry "ESP"]
[Source "lmi"]
[SourceDate "2011.12.02"]

1. d4 Nf6 2. Nf3 e6 3. g3 d5 4. Bg2 c5 5. O-O cxd4 6. Nxd4 Nc6 7. c4 Be7 8. Na3
O-O 9. h3 a6 10. Be3 h6 11. Rc1 e5 12. Nxc6 bxc6 13. Qa4 Bd7 14. Rfd1 d4 15.
Bd2 Rb8 16. e3 Qc8 17. Kh2 Bf5 18. e4 Bd7 19. f4 Bd6 20. f5 Bc5 21. b3 Nh7 22.
h4 Nf6 23. Bf3 Be7 24. Rf1 d3 0-1

[Event "Benidorm 2011 - 10. Torneo sub-2000"]
[Site "Benidorm ESP"]
[Date "2011.12.09"]
[Round "9.13"]
[White "Romero Haro, Florentino"]
[Black "Johnsen, Kjell Magne"]
[Result "1/2-1/2"]
[WhiteElo "1893"]
[BlackElo "1948"]
[PlyCount "39"]
[EventDate "2011.12.02"]
[EventType "swiss"]
[EventRounds "10"]
[EventCountry "ESP"]
[Source "lmi"]
[SourceDate "2011.12.02"]

1. e4 e5 2. Nf3 Nc6 3. d4 exd4 4. Nxd4 Nf6 5. Nxc6 bxc6 6. e5 Qe7 7. Qe2 Nd5 8.
c4 Ba6 9. g3 g6 10. b3 Bg7 11. Bb2 O-O 12. Bg2 Rae8 13. O-O Bxe5 14. Qxe5 Qxe5
15. Bxe5 Rxe5 16. cxd5 Bxf1 17. Kxf1 cxd5 18. Nc3 c6 19. Rd1 Rfe8 20. Bf3
1/2-1/2

[Event "Benidorm 2011 - 10. Torneo sub-2000"]
[Site "Benidorm ESP"]
[Date "2011.12.09"]
[Round "9.14"]
[White "Gomez Salinas, Nestor"]
[Black "Martin Garcia, Guillermo"]
[Result "0-1"]
[WhiteElo "1877"]
[BlackElo "1926"]
[PlyCount "81"]
[EventDate "2011.12.02"]
[EventType "swiss"]
[EventRounds "10"]
[EventCountry "ESP"]
[Source "lmi"]
[SourceDate "2011.12.02"]

1. e4 e5 2. Nf3 Nc6 3. d4 exd4 4. Nxd4 Nf6 5. Nxc6 bxc6 6. Bd3 Bb4+ 7. Bd2
Bxd2+ 8. Nxd2 O-O 9. O-O d5 10. e5 Ng4 11. h3 Nxe5 12. Bxh7+ Kxh7 13. Qh5+ Kg8
14. Qxe5 Re8 15. Qh5 Qf6 16. Rfe1 Bf5 17. c3 Rab8 18. Nb3 Bg6 19. Qg4 Re5 20.
Qd4 Rbe8 21. Rxe5 Rxe5 22. f4 Re6 23. Qxf6 Rxf6 24. g3 Bf5 25. Kg2 Be4+ 26. Kh2
Kf8 27. Re1 Re6 28. Nc5 Re7 29. Nxe4 Rxe4 30. Rxe4 dxe4 31. f5 Ke7 32. g4 Kd6
33. Kg3 Ke5 34. b3 c5 35. f6 g5 36. Kf2 Kxf6 37. Ke3 Ke5 38. a4 a6 39. a5 c6
40. b4 cxb4 41. cxb4 0-1

[Event "Benidorm 2011 - 10. Torneo sub-2000"]
[Site "Benidorm ESP"]
[Date "2011.12.09"]
[Round "9.16"]
[White "Marti Blanes, Jose Manuel"]
[Black "Sacristan Latorre, Alberto"]
[Result "0-1"]
[WhiteElo "1921"]
[BlackElo "1990"]
[PlyCount "74"]
[EventDate "2011.12.02"]
[EventType "swiss"]
[EventRounds "10"]
[EventCountry "ESP"]
[Source "lmi"]
[SourceDate "2011.12.02"]

1. e4 c5 2. Nf3 d6 3. d4 cxd4 4. Nxd4 Nf6 5. Nc3 a6 6. Bg5 Nbd7 7. f4 Qc7 8.
Qf3 h6 9. Bh4 g5 10. fxg5 hxg5 11. Bg3 Nc5 12. Nd5 Nxd5 13. exd5 Bg7 14. O-O-O
Qb6 15. c3 Bd7 16. Nf5 Bf6 17. Nxd6+ Kf8 18. Be5 Bg4 19. Qxg4 Bxe5 20. Nc4 Qf6
21. Nxe5 Qxe5 22. Qd4 Qxd4 23. Rxd4 Rd8 24. g3 e5 25. dxe6 Rxd4 26. cxd4 Nxe6
27. d5 Nd4 28. Kd2 Nf3+ 29. Kd3 Nxh2 30. Be2 Rh6 31. Kd4 Ke7 32. Ke5 Ng4+ 33.
Bxg4 f6+ 34. Kf5 Rxh1 35. d6+ Kxd6 36. Kxf6 Rg1 37. Kxg5 Rxg3 0-1

[Event "Benidorm 2011 - 10. Torneo sub-2000"]
[Site "Benidorm ESP"]
[Date "2011.12.09"]
[Round "9.19"]
[White "Damians Janes, Jordi"]
[Black "Allabatre, Steeve"]
[Result "0-1"]
[WhiteElo "1982"]
[BlackElo "1907"]
[PlyCount "80"]
[EventDate "2011.12.02"]
[EventType "swiss"]
[EventRounds "10"]
[EventCountry "ESP"]
[Source "lmi"]
[SourceDate "2011.12.02"]

1. e4 e5 2. Nf3 Nc6 3. d4 exd4 4. Bc4 Bb4+ 5. c3 dxc3 6. O-O Nge7 7. Ng5 Ne5 8.
Nxf7 Nxf7 9. Bxf7+ Kxf7 10. Qb3+ d5 11. Qxb4 c2 12. Na3 dxe4 13. Nxc2 Qd3 14.
Bg5 Nc6 15. Qc5 Qd6 16. Qe3 Re8 17. Rad1 Qe6 18. a3 Kg8 19. Rfe1 Qg6 20. Bf4
Bg4 21. Rd5 h6 22. Qg3 Ne7 23. Re5 Kh7 24. Ne3 Bh5 25. Qh4 Qf7 26. Rxh5 Ng6 27.
Qg4 Qxf4 28. Qd7 Rad8 29. Qb5 Rf8 30. Qe2 Ne5 31. Nf1 Nd3 32. Rd1 Rfe8 33. Rd2
c5 34. b3 b6 35. f3 Nc1 36. Qc4 e3 37. Qc2+ Kh8 38. Rd1 e2 39. Rxc1 Qd4+ 40.
Kh1 Qf2 0-1

[Event "Benidorm 2011 - 10. Torneo sub-2000"]
[Site "Benidorm ESP"]
[Date "2011.12.09"]
[Round "9.22"]
[White "Buenafe Moya, Jesus"]
[Black "Salido Polo, Veronica"]
[Result "0-1"]
[WhiteElo "1890"]
[BlackElo "1964"]
[PlyCount "58"]
[EventDate "2011.12.02"]
[EventType "swiss"]
[EventRounds "10"]
[EventCountry "ESP"]
[Source "lmi"]
[SourceDate "2011.12.02"]

1. Nf3 Nf6 2. d4 g6 3. c3 Bg7 4. Bg5 d5 5. e3 O-O 6. Bd3 b6 7. Nbd2 Bb7 8. Ne5
Ne4 9. Nxe4 dxe4 10. Bc4 Nd7 11. Ng4 Kh8 12. Qb3 f6 13. Bh6 Bxh6 14. Nxh6 Kg7
15. f4 Kxh6 16. g4 Kg7 17. O-O-O a5 18. h4 a4 19. Qc2 h6 20. g5 h5 21. f5 fxg5
22. fxg6 g4 23. Rhf1 Rf3 24. Rxf3 gxf3 25. Be6 Nf6 26. c4 a3 27. d5 Qd6 28. b3
Qe5 29. Kb1 Qg3 0-1

[Event "Benidorm 2011 - 10. Torneo sub-2000"]
[Site "Benidorm ESP"]
[Date "2011.12.09"]
[Round "9.23"]
[White "Rangelod Mayhalod, Georgi"]
[Black "Tirado Parra, Alberto"]
[Result "0-1"]
[WhiteElo "1960"]
[BlackElo "1869"]
[PlyCount "52"]
[EventDate "2011.12.02"]
[EventType "swiss"]
[EventRounds "10"]
[EventCountry "ESP"]
[Source "lmi"]
[SourceDate "2011.12.02"]

1. e4 d5 2. e5 c5 3. c3 Bf5 4. d4 e6 5. Nf3 Nc6 6. Be2 Qb6 7. O-O cxd4 8. cxd4
Nge7 9. Nc3 Be4 10. Na4 Qc7 11. Nc3 Nf5 12. Be3 Be7 13. Rc1 O-O 14. a3 Rac8 15.
b4 Qb8 16. Qd2 Rfd8 17. h3 Bxf3 18. gxf3 a6 19. Kh1 Qa7 20. Rfd1 Nxe5 21. Bg5
Bxg5 22. Qxg5 f6 23. Qd2 Nc6 24. Bd3 Ncxd4 25. Na4 b6 26. Re1 e5 0-1

[Event "Benidorm 2011 - 10. Torneo sub-2000"]
[Site "Benidorm ESP"]
[Date "2011.12.09"]
[Round "9.24"]
[White "Bas Mas, Miguel"]
[Black "Davo Torres, Enrique"]
[Result "1/2-1/2"]
[WhiteElo "1869"]
[BlackElo "1956"]
[PlyCount "43"]
[EventDate "2011.12.02"]
[EventType "swiss"]
[EventRounds "10"]
[EventCountry "ESP"]
[Source "lmi"]
[SourceDate "2011.12.02"]

1. e4 e5 2. Nf3 Nc6 3. d4 exd4 4. Nxd4 Nxd4 5. Qxd4 Qf6 6. Be3 Bd6 7. Qxf6 Nxf6
8. f3 O-O 9. Nd2 Nh5 10. O-O-O Bf4 11. Bxf4 Nxf4 12. g3 Ng6 13. Bh3 d6 14. Bxc8
Raxc8 15. f4 f6 16. Nc4 Rfe8 17. Nd2 Re7 18. c3 Rce8 19. Kc2 Nf8 20. Kd3 Nd7
21. b4 Nb6 22. Rde1 1/2-1/2

[Event "Benidorm 2011 - 10. Torneo sub-2000"]
[Site "Benidorm ESP"]
[Date "2011.12.10"]
[Round "10.1"]
[White "Campos Cayuelas, Adria"]
[Black "Gonzalez Pabollet, Jesus Maria"]
[Result "0-1"]
[PlyCount "66"]
[EventDate "2011.12.02"]
[EventType "swiss"]
[EventRounds "10"]
[EventCountry "ESP"]
[Source "lmi"]
[SourceDate "2011.12.02"]
[WhiteElo "1979"]
[BlackElo "1950"]

1. e4 c5 2. Nc3 Nc6 3. Bb5 g6 4. Bxc6 bxc6 5. d3 Bg7 6. f4 Rb8 7. Nf3 Qa5 8.
O-O d6 9. Qe1 Bg4 10. Bd2 Qc7 11. Rb1 Bxf3 12. Rxf3 Bd4+ 13. Kh1 Nf6 14. Qh4
Nh5 15. g4 Nf6 16. g5 Nh5 17. f5 d5 18. exd5 Rb4 19. Ne4 Rxb2 20. Rxb2 Bxb2 21.
Nxc5 O-O 22. fxg6 hxg6 23. Qf2 Bg7 24. dxc6 Qxc6 25. c4 Rb8 26. Ne4 Qe6 27.
Qxa7 Rb1+ 28. Kg2 Qg4+ 29. Ng3 Bd4 30. Qa8+ Kg7 31. Be3 Bxe3 32. Rxe3 Nf4+ 33.
Kf2 Nh3+ 0-1

[Event "Benidorm 2011 - 10. Torneo sub-2000"]
[Site "Benidorm ESP"]
[Date "2011.12.10"]
[Round "10.2"]
[White "Sanz Rodero, Mikel"]
[Black "Romero Calduch, Sergio"]
[Result "1-0"]
[PlyCount "69"]
[EventDate "2011.12.02"]
[EventType "swiss"]
[EventRounds "10"]
[EventCountry "ESP"]
[Source "lmi"]
[SourceDate "2011.12.02"]
[WhiteElo "1994"]
[BlackElo "1889"]

1. e4 e6 2. d4 d5 3. exd5 exd5 4. Nf3 Bd6 5. c4 c6 6. Nc3 Ne7 7. Bd3 dxc4 8.
Bxc4 O-O 9. O-O Bg4 10. h3 Bh5 11. g4 Bg6 12. Ne5 c5 13. Nxg6 Nxg6 14. dxc5
Bxc5 15. Bxf7+ Kxf7 16. Qb3+ Ke8 17. Qxb7 Nd7 18. Nb5 Qb8 19. Nc7+ Kd8 20. Ne6+
Ke8 21. Nxg7+ Ke7 22. Bg5+ Rf6 23. Rfe1+ Kf8 24. Qxb8+ Rxb8 25. Bxf6 Bb4 26.
Ne6+ Kf7 27. Bc3 Bxc3 28. bxc3 Nde5 29. Ng5+ Kg7 30. Rab1 Rc8 31. Rb7+ Kg8 32.
Reb1 Rxc3 33. Rb8+ Kg7 34. R1b7+ Kf6 35. Ne4+ 1-0

[Event "Benidorm 2011 - 10. Torneo sub-2000"]
[Site "Benidorm ESP"]
[Date "2011.12.10"]
[Round "10.3"]
[White "Iglesias Garcia, Jorge"]
[Black "Bru Rullo, Llatzer"]
[Result "1/2-1/2"]
[PlyCount "79"]
[EventDate "2011.12.02"]
[EventType "swiss"]
[EventRounds "10"]
[EventCountry "ESP"]
[Source "lmi"]
[SourceDate "2011.12.02"]
[WhiteElo "1885"]
[BlackElo "1985"]

1. d4 d5 2. c4 c6 3. cxd5 cxd5 4. Nc3 Nc6 5. Nf3 Nf6 6. Bf4 a6 7. e3 Bf5 8. Be2
e6 9. a3 Be7 10. Rc1 O-O 11. O-O Nh5 12. Bg3 Nxg3 13. hxg3 Bg6 14. Na4 Rc8 15.
Nc5 Bxc5 16. Rxc5 f6 17. Qd2 Qd7 18. Rfc1 Na7 19. b4 Rc6 20. R1c3 Rfc8 21. Qc1
Be8 22. Nd2 Rxc5 23. Rxc5 Rxc5 24. Qxc5 Nc8 25. Nb3 b6 26. Qc3 Qb7 27. f3 Bb5
28. Kf2 Nd6 29. Nd2 Kf7 30. g4 Ke7 31. Qc2 g6 32. a4 Qc6 33. Qxc6 Bxc6 34. a5
bxa5 35. bxa5 Bb5 36. Nb3 Bxe2 37. Kxe2 Nc4 38. Nc5 Nxa5 39. Nxa6 Nc4 40. Kd3
1/2-1/2

[Event "Benidorm 2011 - 10. Torneo sub-2000"]
[Site "Benidorm ESP"]
[Date "2011.12.10"]
[Round "10.4"]
[White "Cartagena Sanchez, Javier"]
[Black "Bote Kobolo, Benjamin"]
[Result "1-0"]
[PlyCount "109"]
[EventDate "2011.12.02"]
[EventType "swiss"]
[EventRounds "10"]
[EventCountry "ESP"]
[Source "lmi"]
[SourceDate "2011.12.02"]
[WhiteElo "1982"]
[BlackElo "1955"]

1. e4 Nc6 2. Nf3 d6 3. Bc4 Nf6 4. d3 h6 5. c3 e6 6. Bb3 Be7 7. O-O O-O 8. Nbd2
e5 9. h3 Nh7 10. Nc4 Ng5 11. Nxg5 Bxg5 12. f4 exf4 13. Bxf4 Bxf4 14. Rxf4 Qg5
15. Qf3 Bxh3 16. Rf1 Be6 17. d4 d5 18. Nd2 Ne7 19. Qf2 Ng6 20. Rf3 c6 21. e5 h5
22. Bc2 Ne7 23. Rg3 Qh6 24. Qf6 Ng6 25. Qf2 h4 26. Rf3 h3 27. g4 Qg5 28. Rxh3
Qxg4+ 29. Rg3 Qh5 30. Qg2 Kh8 31. Rg5 Qh6 32. Bxg6 fxg6 33. Rxg6 Qe3+ 34. Kh2
Rxf1 35. Nxf1 Qf4+ 36. Kg1 Qf7 37. Qh2+ Kg8 38. Rg5 Rf8 39. Ng3 Qf3 40. Qe2
Qxe2 41. Nxe2 Kh7 42. Kg2 Kh6 43. Rg3 Bf5 44. Kf2 Bb1+ 45. Ke3 Bxa2 46. Nf4 Kh7
47. Rh3+ Kg8 48. Ng6 Rf1 49. Rh8+ Kf7 50. Rf8+ Kxg6 51. Rxf1 Bc4 52. Rf2 b6 53.
e6 c5 54. e7 Bb5 55. Rf8 1-0

[Event "Benidorm 2011 - 10. Torneo sub-2000"]
[Site "Benidorm ESP"]
[Date "2011.12.10"]
[Round "10.5"]
[White "Basilio Rodriguez, Jose Manuel"]
[Black "Martin Garcia, Guillermo"]
[Result "0-1"]
[PlyCount "116"]
[EventDate "2011.12.02"]
[EventType "swiss"]
[EventRounds "10"]
[EventCountry "ESP"]
[Source "lmi"]
[SourceDate "2011.12.02"]
[WhiteElo "1907"]
[BlackElo "1926"]

1. d4 Nf6 2. c4 g6 3. Nf3 Bg7 4. g3 O-O 5. Bg2 d6 6. Nc3 Nbd7 7. e4 e5 8. O-O
Re8 9. d5 Nc5 10. Ne1 a5 11. Nd3 Nfd7 12. Be3 f5 13. exf5 gxf5 14. Nxc5 Nxc5
15. Qh5 Bd7 16. Bh3 Rf8 17. Bg5 Qe8 18. Qxe8 Raxe8 19. Be3 f4 20. Bxd7 Nxd7 21.
gxf4 exf4 22. Bd2 Ne5 23. Rad1 Nxc4 24. Bc1 Be5 25. Kh1 Kf7 26. Nb5 Re7 27. Nd4
Bxd4 28. Rxd4 Nb6 29. Bxf4 Ke8 30. Bg3 Re2 31. Rc1 Kd7 32. Rb1 Rf5 33. a3 Rxd5
34. Rg4 Rf5 35. Rg7+ Re7 36. Rg8 Rb5 37. Bh4 Rf7 38. Rd8+ Kc6 39. b4 axb4 40.
axb4 Nd5 41. Rc1+ Kb6 42. f3 Rxf3 43. Kg2 Rc3 44. Rxc3 Nxc3 45. Rd7 h5 46. Bd8
Rxb4 47. Rxc7 Rg4+ 48. Kh3 Rg8 49. Rxc3+ Rxd8 50. Kh4 d5 51. Kxh5 Rh8+ 52. Kg4
Rxh2 53. Kf4 Re2 54. Kf3 Re7 55. Rc8 Kb5 56. Rd8 Kc4 57. Rc8+ Kd3 58. Rc5 Rf7+
0-1

[Event "Benidorm 2011 - 10. Torneo sub-2000"]
[Site "Benidorm ESP"]
[Date "2011.12.10"]
[Round "10.6"]
[White "Fernandez Aguilar, Francisco"]
[Black "Elmas, Mustafa"]
[Result "0-1"]
[WhiteElo "1917"]
[BlackElo "1887"]
[PlyCount "52"]
[EventDate "2011.12.02"]
[EventType "swiss"]
[EventRounds "10"]
[EventCountry "ESP"]
[Source "lmi"]
[SourceDate "2011.12.02"]

1. e4 c5 2. Nf3 Nc6 3. d4 cxd4 4. Nxd4 e6 5. Nb5 d6 6. c4 a6 7. N5c3 Nf6 8. Na3
Be7 9. Be2 Bd7 10. O-O O-O 11. Be3 Re8 12. Rc1 Qa5 13. f4 Nb8 14. Qd2 Bc6 15.
Nd5 Qd8 16. Nxe7+ Qxe7 17. e5 dxe5 18. fxe5 Ne4 19. Qc2 Nd7 20. Bf3 f5 21. exf6
Ndxf6 22. c5 Bd5 23. Nc4 Nxc5 24. Bxc5 Qxc5+ 25. Kh1 Qxc4 26. Bxd5 Qxd5 0-1

[Event "Benidorm 2011 - 10. Torneo sub-2000"]
[Site "Benidorm ESP"]
[Date "2011.12.10"]
[Round "10.9"]
[White "Johnsen, Kjell Magne"]
[Black "Hall, Rachid"]
[Result "0-1"]
[WhiteElo "1948"]
[BlackElo "1998"]
[PlyCount "34"]
[EventDate "2011.12.02"]
[EventType "swiss"]
[EventRounds "10"]
[EventCountry "ESP"]
[Source "lmi"]
[SourceDate "2011.12.02"]

1. d4 Nf6 2. c4 c5 3. d5 b5 4. cxb5 a6 5. bxa6 Bxa6 6. Nc3 g6 7. g3 d6 8. Bg2
Bg7 9. Nf3 Nbd7 10. Rb1 O-O 11. O-O Qa5 12. Bd2 Qc7 13. b3 Rfb8 14. a3 Nb6 15.
Ne1 Bb7 16. Bg5 Nbd7 17. Nb5 Qd8 0-1

[Event "Benidorm 2011 - 10. Torneo sub-2000"]
[Site "Benidorm ESP"]
[Date "2011.12.10"]
[Round "10.10"]
[White "Sacristan Latorre, Alberto"]
[Black "Muratet Casadevall, Elias"]
[Result "1-0"]
[WhiteElo "1990"]
[BlackElo "1923"]
[PlyCount "73"]
[EventDate "2011.12.02"]
[EventType "swiss"]
[EventRounds "10"]
[EventCountry "ESP"]
[Source "lmi"]
[SourceDate "2011.12.02"]

1. e4 Nf6 2. e5 Nd5 3. d4 d6 4. c4 Nb6 5. exd6 cxd6 6. Nc3 g6 7. Be3 Bg7 8. Rc1
O-O 9. b3 N6d7 10. d5 Nf6 11. Be2 Qa5 12. Qd2 Nbd7 13. h3 Nc5 14. Nf3 a6 15.
O-O Qd8 16. Nd4 Re8 17. Rfd1 Nfe4 18. Nxe4 Nxe4 19. Qc2 Nc5 20. b4 Nd7 21. f4
Nf6 22. Bf3 Bd7 23. c5 e5 24. dxe6 Bxe6 25. Bxb7 Bd5 26. Bxa8 Qxa8 27. Re1 dxc5
28. bxc5 Rc8 29. c6 Ne4 30. c7 Nd6 31. Qc5 Bf8 32. Nc6 Be4 33. Qb6 Nf5 34. Na7
Bxg2 35. Nxc8 Bxh3 36. Ne7+ Kg7 37. Qc6 1-0